000
00237nam a22000857a 4500
008
170220b xxu||||| |||| 00| 0 eng d
100
_9
2912
_a
Govt of India
245
_a
Archaalogical Remains Monumes and museums
260
_a
New delhi
_b
ASI
_c
1964
999
_c
6147
_d
6147